000 00741nam a22002057a 4500
999 _c165952
_d165952
005 20190730172734.0
010 _aB-728466
020 _a9789388292177
_c799.00
035 _aB-728466
037 _bRK Books
082 _a920
100 _aTharoor,Shashi
245 _aThe paradoxical prime minister:
_bNarendra Modi and his India /
_cby Shashi Tharoor
260 _aNew Delhi
_bAleph Book
_c2018
270 _a7/16, Ansari Road, Daryaganj
_bNew Delhi
_e110002
300 _a504p.
_c22cm(Hb)
500 _aIncludes index
942 _2ddc
_cEN
_h920
_mMOD